<?xml version="1.0" encoding="UTF-8"?>
<collection xmlns:xsi="http://www.w3.org/2001/XMLSchema-instance" xsi:schemaLocation="http://www.loc.gov/MARC21/slim http://www.loc.gov/standards/marcxml/schema/MARC21slim.xsd" xmlns="http://www.loc.gov/MARC21/slim">
 <record>
  <leader>00000nam a2200000 i 4500</leader>
  <controlfield tag="001">UP-1685474870047036142</controlfield>
  <controlfield tag="003">Buklod</controlfield>
  <controlfield tag="005">20230616095346.0</controlfield>
  <controlfield tag="006">ta    r    |||| u|</controlfield>
  <controlfield tag="007">ta</controlfield>
  <controlfield tag="008">230616s2000    nyuao  |rq    000 d|eng |</controlfield>
  <datafield tag="020" ind1=" " ind2=" ">
   <subfield code="a">1557044813 (pbk.)</subfield>
  </datafield>
  <datafield tag="035" ind1=" " ind2=" ">
   <subfield code="a">13117384</subfield>
  </datafield>
  <datafield tag="040" ind1=" " ind2=" ">
   <subfield code="a">DLC</subfield>
   <subfield code="d">DMC</subfield>
   <subfield code="e">rda</subfield>
  </datafield>
  <datafield tag="041" ind1=" " ind2=" ">
   <subfield code="a">eng</subfield>
  </datafield>
  <datafield tag="042" ind1=" " ind2=" ">
   <subfield code="a">DMLUC</subfield>
  </datafield>
  <datafield tag="090" ind1=" " ind2=" ">
   <subfield code="a">PN 1997 C3534 </subfield>
   <subfield code="b">B769 2000</subfield>
  </datafield>
  <datafield tag="100" ind1="1" ind2=" ">
   <subfield code="a">Broyles, William, Jr.</subfield>
   <subfield code="d">1944-</subfield>
   <subfield code="e">author</subfield>
  </datafield>
  <datafield tag="245" ind1="1" ind2="4">
   <subfield code="a">The shooting script </subfield>
   <subfield code="b">cast away</subfield>
   <subfield code="c">screenplay and introduction written by William Broyles, Jr. ; preface to the script by Robert Zemeckis.</subfield>
  </datafield>
  <datafield tag="264" ind1=" " ind2="0">
   <subfield code="a">New York</subfield>
   <subfield code="b">Newmarket Press</subfield>
   <subfield code="c">c2000.</subfield>
  </datafield>
  <datafield tag="300" ind1=" " ind2=" ">
   <subfield code="a">xvi, 110 pages</subfield>
   <subfield code="b">illustrations, photographs</subfield>
   <subfield code="c">23 cm.</subfield>
  </datafield>
  <datafield tag="336" ind1=" " ind2=" ">
   <subfield code="a">text</subfield>
   <subfield code="2">rdacontent</subfield>
  </datafield>
  <datafield tag="337" ind1=" " ind2=" ">
   <subfield code="a">unmediated</subfield>
   <subfield code="2">rdamedia</subfield>
  </datafield>
  <datafield tag="338" ind1=" " ind2=" ">
   <subfield code="a">volume</subfield>
   <subfield code="2">rdacarrier</subfield>
  </datafield>
  <datafield tag="490" ind1="0" ind2=" ">
   <subfield code="a">A Newmarket Shooting Script Series Book.</subfield>
  </datafield>
  <datafield tag="520" ind1="0" ind2=" ">
   <subfield code="a">&quot;Cast Away began in 1994 when Fox executive Elizabeth Gabler told that Tom Hanks thought there might be a movie in the story of a modern man stranded on a desert island . . . which Tom jokingly called 'Chuck of the Jungle.'&quot;&#13;
&#13;
So begins William Broyles, Jr.'s fascinating introduction, written exclusively for this book, about the process and challenges inherent in writing a screenplay that was not, by design, going to have a lot of dialogue in it, and about his collaboration with two extraordinarily gifted artists, actor Tom Hanks and director Robert Zemeckis.&#13;
&#13;
Broyle's introduction shows how a movie and its story evolve, shift, and shape while the creators grapple with all manner of internal and external choices: from developing what was Tom Hank's idea into into a story, and building a narrative structure and thematic threads into a screenplay, to researching the details of the specific--and ironic--situation of a FedEx executive stranded on a desert island.&#13;
&#13;
Also included in this Newmarket Shooting Script edition is the complete shooting script, a preface to the script by Academy Award--winning filmmaker Robert Zemeckis (Forrest Gump, Contact), movie stills, and complete cast and crews credits.&#13;
&#13;
A decorated Marine veteran, screenwriter William Broyles, Jr. was co-writer of the Apollo 13 screenplay for which he received an Academy Award and Writer's Guild Best Screenplay nomination. He was also co-writer of Entrapment and was the co-creator of the television series China Beach, which won twelve Emmys. He was also founding editor of the award-winning Texas Monthly magazine , editor in chief of California magazine, and editor in chief Newsweek.</subfield>
  </datafield>
  <datafield tag="541" ind1="0" ind2=" ">
   <subfield code="a">A gift of Ms. Jane Hofileña.</subfield>
  </datafield>
  <datafield tag="630" ind1="0" ind2="0">
   <subfield code="a">Cast away (Motion picture).</subfield>
  </datafield>
  <datafield tag="700" ind1="1" ind2=" ">
   <subfield code="a">Broyles, William Jr.</subfield>
   <subfield code="e">screenwriter.</subfield>
  </datafield>
  <datafield tag="700" ind1="1" ind2=" ">
   <subfield code="a">Zemeckis, Robert</subfield>
   <subfield code="e">screenwriter.</subfield>
  </datafield>
  <datafield tag="842" ind1=" " ind2=" ">
   <subfield code="a">Book.</subfield>
  </datafield>
  <datafield tag="905" ind1=" " ind2=" ">
   <subfield code="a">FO</subfield>
  </datafield>
  <datafield tag="852" ind1="0" ind2=" ">
   <subfield code="a">UPD</subfield>
   <subfield code="b">DMC</subfield>
   <subfield code="h">PN 1997 C3534</subfield>
   <subfield code="i">B769 2000</subfield>
  </datafield>
  <datafield tag="942" ind1=" " ind2=" ">
   <subfield code="a">Book</subfield>
  </datafield>
 </record>
</collection>
